|
|
|
|
| LEADER |
00000cam a2200000 a 4500 |
| 001 |
vtls001081889 |
| 003 |
SK-MaSNL |
| 005 |
20260301000906.0 |
| 008 |
241204s1989 xo 101 0 slo |
| 015 |
|
|
|a SNBA1989/08
|
| 020 |
|
|
|a 8005001436
|
| 035 |
|
|
|a SNK000024727
|
| 035 |
|
|
|a urn:nbn:sk:snk-amln3z
|
| 035 |
|
|
|a urn:nbn:sk:snk-am00bxob
|
| 035 |
|
|
|a 23604A0C-A3C8-4D75-8405-F3DA378DD753
|
| 040 |
|
|
|a SNK
|b slo
|c SNK
|e AACR2
|
| 041 |
0 |
|
|a slo
|
| 044 |
|
|
|a xo
|c SK
|
| 080 |
|
|
|a 658.56(082)
|2 1981
|
| 245 |
0 |
0 |
|a Akosť-pokrok-hospodárnosť
|b Anotácie referátov z 32. konferencie EOQC v Moskve 13.-17. júna 1988
|c Adela Danielová, Zuzana Dinková
|
| 250 |
|
|
|a 1. vyd.
|
| 260 |
|
|
|a Bratislava
|b Alfa
|c 1989
|e Nitra
|f Nitrianske tlačiarne
|
| 300 |
|
|
|a 296 s., 18,83 AH
|b Sch.
|c 29 cm
|
| 366 |
|
|
|e 250 výtl.
|
| 650 |
0 |
7 |
|a kvalita
|2 SNKPH
|9 1150
|
| 655 |
|
7 |
|a zborníky
|2 SNKPH
|9 70165
|
| 700 |
1 |
|
|a Danielová, Adela
|4 com
|9 278462
|
| 700 |
1 |
|
|a Dinková, Zuzana
|4 com
|9 278463
|
| 919 |
|
|
|a 80-05-00143-6
|
| 958 |
|
|
|a OND
|
| 958 |
|
|
|a TL
|
| 958 |
|
|
|a OP
|
| 958 |
|
|
|a EUIPO
|
| 999 |
|
|
|c 533754
|d 535684
|
| 952 |
|
|
|a SNK
|b SNK
|y PREZ
|7 0
|p 17A0852324
|o snkSB 45311
|0 0
|1 0
|4 0
|d 2012-07-06
|f 1
|l 0
|r 2026-02-23 12:16:08
|w 2026-02-23
|
| 952 |
|
|
|t P60, <04>, [BOOK], {604}
|a SNK
|b SNK
|y VYP
|7 0
|p 17A0150490
|o snkSB 45311 D1
|0 0
|1 0
|4 0
|d 1998-08-10
|l 0
|r 2004-12-31 00:00:00
|w 2026-02-23
|